[Event "Olympiad-34"]
[Site "Istanbul"]
[Date "2000.11.04"]
[Round "7.1"]
[White "Marin, Mihail"]
[Black "Stefansson, Hannes"]
[Result "1-0"]
[WhiteElo "2557"]
[BlackElo "2557"]
[Annotator "Marin,M"]
[PlyCount "115"]
[EventDate "2000.10.28"]
[EventType "team-swiss"]
[EventRounds "14"]
[EventCountry "TUR"]
[SourceTitle "EXT 2001"]
[Source "ChessBase"]
[SourceDate "2000.11.22"]
[SourceVersion "1"]
[SourceVersionDate "2000.11.22"]
[SourceQuality "1"]
[WhiteTeam "Romania"]
[BlackTeam "Iceland"]
[WhiteTeamCountry "ROU"]
[BlackTeamCountry "ISL"]

1. c4 {Ribli} Nf6 2. Nc3 e5 3. Nf3 Nc6 4. g3 {Ribli: 'Natürlich stehen Weiß
hier viele Fortsetzungen zur Auswahl - 4.d4, 4.e3, 4.a3 - der Textzug aber
bietet Weiß die besten Chancen'} d5 5. cxd5 Nxd5 6. Bg2 Nb6 7. O-O Be7 8. d3
O-O 9. a3 {Ribli: 'Weiß bekommt natürliches Spiel am Damenflügel, denn er hat
dort die halb-offene c-Linie und auch sein Bg2 unterstützt seine Aktiviätten.'}
Be6 10. b4 a5 11. b5 Nd4 12. Bb2 (12. Nxe5 $2 {Ribli} Bf6 13. f4 Nb3 14. Bb2 (
14. Rb1 Qd4+ $19 {[%cal Rd4c3,Rd4g1]}) 14... Nxa1 $17) 12... Bb3 (12... Nb3 {
Ribli} 13. Rb1 f6 14. Nd2 Nc5 15. a4 $13) (12... f6 {Ribli} 13. Nxd4 exd4 14.
Na4 $14) 13. Qc1 Be6 {Ribli: 'Dieser Zug ist eigentlich ein indirektes
Remisangebot.'} (13... Re8 $6 {Ribli} 14. Nxd4 exd4 15. Bxb7 Rb8 16. Bf3 (16.
Bc6 $1 dxc3 17. Qxc3 Bf6 18. Qxb3 Rxe2 19. Bxf6 Qxf6 20. Ra2 $16) 16... Bg5 17.
Qe1 Bh6 (17... f5 18. Nb1 Na4 19. Qxa5 Nxb2 20. Qb4 Ba4 21. Qxb2 Rxb5 22. Qa2+
Bb3 {1/2-1/2 Guseinov,S-Godjaev,G/Baku 1998/EXT 2000 (22)}) 18. Ne4 Na4 19.
Qxa5 Re5 20. Bc1 f5 21. Nd2 Rbxb5 22. Qa8 Qxa8 23. Bxa8 Bxd2 24. Bxd2 Rxe2 25.
Bf4 c5 26. Bf3 Re6 27. Rfb1 {1/2-1/2 Marin,M-Palac,M/Batumi GEO 1999 (27)}) (
13... Nc2 $6 {Ribli} 14. Rb1 f6 15. Nd2 $16) 14. Rb1 {'!?' Ribli. Ribli: 'Weiß
vermeidet das Motiv Nb3 und ist offenkundig nicht zufrieden mit einem Remis
durch Zugwiederholung.'} ({White could have agreed to a draw with} 14. Qd1 $11)
14... f6 (14... Nxf3+ {Ribli} 15. Bxf3 Rb8 16. Ne4 $14) 15. Nxd4 exd4 16. Ne4
Na4 {'~~' Ribli. Ribli: 'Schwarz vertedigt sich gegen 17.Nc5 und möchte den
Bb2 abtauschen.Am Damenflügel gibt es viele beiderseitige Felderschwächen.'} (
16... Bd5 $5) 17. Ba1 $5 {'!' Ribli.} (17. Qc2 $14 {was also possible.}) 17...
Ba2 $6 ({Black cars too much for the material. Instead of "winning" the
exchange, he should have sacrificed it:} 17... b6 $142 18. Qc2 Nc5 19. Nxc5
Bxc5 20. Bxa8 Qxa8 $44) (17... f5 {Ribli} 18. Qc2 Bxa3 $5 (18... fxe4 19. Qxa4
$14) 19. Qxa4 Bb4 20. Rfd1 fxe4 21. dxe4 $14) 18. Qc2 Bxb1 19. Rxb1 Nb6 20. Nc5
{'©' Ribli. Ribli: 'Weiß hat zwar eine Qualität weniger, aber es droht nun 21.
Ne6, und Pb7 hängt. Außerdem ist auch noch der Pd4 schwach.'} Bxc5 (20... Rf7 {
Ribli} 21. Nxb7 $14) 21. Qxc5 Rb8 (21... Qc8 {Ribli} 22. Bxd4 $14 {[%csl Gd4,
Gg2]}) 22. Bxd4 $14 {With the pair of bishops and the better pawn structure
white has a very good position. Ribli: 'Weiß hat nur einen Bauern für die
Qualität, aber sein Läuferpaar ist sehr aktiv. Zudem übt er spürbar
positionellen Druck am Damenflügel aus.'} Qd7 $6 (22... Rf7 $142 {/^a2-g8, /
\Qe7}) (22... Re8 {Ribli} 23. Bf3 $14 (23. e3 $14)) 23. Bc3 a4 24. Ba5 {
Ribli: 'Es droht 25.Bxb6 nebst 26.Qxb6 mit einem weiteren Bauerngewinn.'} Rfe8
25. Bf3 Re5 26. Qb4 (26. Qc2 {Ribli} Rxb5 27. Rxb5 Qxb5 28. Qxc7 Nd7 29. Bb4
$14 {[%csl Gb4,Gf3]}) 26... Qe6 27. Bxb6 (27. d4 Nd5 $5 (27... Rg5 $6 {צg5})
28. Qc4 Re4 $1) 27... Qxb6 28. d4 {Ribli: 'Weiß kann alles mit Tempo spielen.'}
(28. Qxa4 {Ribli} Rd8 29. e3 c5 $14) 28... Ree8 29. Qxa4 $16 {White has now
both positionla and material advantage. Ribli: 'Jetzt hat Weiß schon zwei
Bauern für die Qualität. Das Hauptproblem von Schwarz ist, dass er kein
Gegenspiel findet.'} Ra8 30. Qc4+ Kh8 31. a4 Red8 32. e3 {Ribli: 'Die weiße
Bauernkette ist imposant - früher oder später rückt die Bauernmasse vor.'} f5 {
Black has not too much active possibilities in this position and this is one
of the very few tricks he has.} 33. Rc1 (33. Kg2 f4 $1) 33... Rd7 34. Qc5 {
'!' Ribli.} ({Maybe even better would have been} 34. Qb3 {/\Rc5}) 34... Qxc5 (
34... g6 {Ribli} 35. Qe5+ Rg7 36. Bd5 $16) 35. Rxc5 Rxa4 ({Black is not taking
care too much for his pawns.} 35... g6 $142) 36. Rxf5 (36. Bxb7 $6 {Ribli} g6
$14) 36... g6 37. Rc5 (37. Rf8+ Kg7 38. Rb8 b6 {/\Ra2, Rf7, ><f2}) 37... b6 {
'?!' Ribli.} (37... Ra7 {Ribli}) 38. Rc2 Kg7 ({One last possibility to put up
some resistance would have been} 38... g5 $142) 39. h4 $18 {Ribli: 'Weiß hat
zwei Bauern für die Qualität, aber eigentlich sind es schon drei, denn die
schwarzen Bauern am Damenflügel sind blockiert.'} Rb4 40. Kg2 Re7 (40... Rxb5 {
Ribli} 41. Bc6 $18 {[%cal Rc6b5,Rc6d7]}) 41. Bc6 {Ribli: 'Der gesamte
Damenflügel ist festgelegt, Weiß hat jetzt nur noch die Aufgabe, den Vormarsch
der Bauern im Zentrum und am Königsflügel voranzutreiben.'} Ra4 42. Rd2 Re6 (
42... Ra3 $5 {Ribli}) 43. Rc2 (43. Rd3 {Ribli}) 43... Re7 44. g4 {Ribli: 'Weiß
gewinnt weiteren Raum.'} Rb4 (44... h6) 45. g5 Ra4 46. Rd2 Re6 {'?' Ribli.} (
46... Ra3 $5 {Ribli}) 47. Rd3 {Ribli: 'Jetzt ist der Pe3 verteidigt, und Weiß
kann seine Bauern mit f2-f4 mobilisieren.'} Kh8 48. f4 Ra2+ 49. Kg3 Re2 50. e4
R2xe4 51. Bxe4 Rxe4 52. Kf3 Re7 53. Rc3 Kg8 54. Rc6 Kf7 55. d5 {/\d6, ><b6} Rd7
56. Ke4 Ke8 57. Ke5 Rf7 58. Rf6 1-0

[Event "Candidates Tournament"]
[Site "Khanty-Mansiysk"]
[Date "2014.03.17"]
[Round "4"]
[White "Karjakin, Sergey"]
[Black "Topalov, Veselin"]
[Result "1/2-1/2"]
[WhiteElo "2766"]
[BlackElo "2785"]
[Annotator "Marin,M"]
[PlyCount "79"]
[EventDate "2014.03.13"]
[EventType "tourn"]
[EventRounds "14"]
[EventCountry "RUS"]
[EventCategory "21"]
[SourceTitle "CBM 160"]
[Source "ChessBase"]
[SourceDate "2014.05.15"]
[SourceVersion "1"]
[SourceVersionDate "2014.05.15"]
[SourceQuality "1"]
[TimeControl "40/7200:20/3600:900+30"]
[WhiteClock "1:02:12"]
[BlackClock "0:10:08"]

1. c4 {[%emt 0:00:03]} e5 {[%emt 0:02:52]} 2. Nc3 {[%emt 0:00:31]} Nf6 {
[%emt 0:00:13]} 3. Nf3 {[%emt 0:00:07]} Nc6 {[%emt 0:00:05]} 4. g3 {[%emt 0:00:
10]} d5 {[%emt 0:04:26]} 5. cxd5 {[%emt 0:00:28]} Nxd5 {[%emt 0:00:05]} 6. Bg2
{[%emt 0:00:09]} Nb6 {[%emt 0:00:09]} 7. O-O {[%emt 0:00:25]} Be7 {[%emt 0:00:
23]} 8. d3 {[%emt 0:00:09]} O-O {[%emt 0:00:20]} 9. Be3 {[%emt 0:00:18]} Be6 {
[%emt 0:04:03]} 10. Rc1 {[%emt 0:00:41] White has chosen a much less forcing
system of development than the usual a2-a3 followed by b2-b4. His main idea is
simple: Black is doing fine in the analogous Dragon Variation, so with
reversed colours and an extra tempo things should be even better for White
here. However, in such openings the step from comfortble equality to at least
a tiny advantage is at times bigger than just one tempo.} Re8 {[%emt 0:07:28]
Topalov played this rare move after seven minutes. Had he analysed it some
time ago, or was it over-the-board inspiration? Hard to say.} (10... f5 {
1-0 (43) Kamsky,G (2741)-Svidler,P (2769) Thessaloniki 2013 CBM 155 [Stohl,I]})
(10... f6 11. d4 exd4 12. Nxd4 Nxd4 13. Qxd4 Qxd4 14. Bxd4 c6 {0-1 (51) Ranola,
Y (2466)-Atalik,S (2561) Bratto 2005 CBM 108 ext [Atalik,S]}) ({The immediate
return of the knight to the central square is also possible.} 10... Nd5 11.
Nxd5 Bxd5 12. a3 {Only that now} Nd4 $6 {does not look too justified.} (12...
Re8 {would transpose back to the game.}) 13. Nxe5 (13. Bxd4 exd4 14. Ne5 c6 15.
Bxd5 Qxd5 16. Nf3 Rfe8 17. Re1 Bf6 {Markowski,T (2629)-Macieja,B (2624) Warsaw
2010 (1/2-1/2, 41)}) 13... Bxg2 14. Kxg2 Qd5+ 15. Nf3 Nxf3 16. exf3 c6 {
Black does not have full compenstion for the pawn, but just drawing chances.}
17. Qc2 (17. Re1 $5 Rfe8 18. Rc4 {[%cal Gc4e4,Rc4d4]}) 17... Rfd8 18. Rfd1 Rd7
19. Qc4 $14 {Malakhov,V (2715)-Sargissian,G (2678) Ohrid 2009 (1/2-1/2, 43)})
11. a3 {[%emt 0:05:08]} Nd5 {[%emt 0:06:42] A common method. The knight had
retreated at a moment when White had some dynamic threats in the centre. After
completing the development, Black makes the knight move back to the centre in
order to restrict White's activity along the long diagonal.} 12. Nxd5 {[%emt 0:
00:23]} Bxd5 {[%emt 0:00:05]} 13. Qa4 {[%emt 0:06:39] A interesting position.
White has freer development but no real threats yet. On the other hand, for
Black it is not easy to choose the most flexible continuation. Most of the
moves imply some degree of commitment.} a6 {[%emt 0:03:54] I completely fail
to understand this move. Black anticipates the (not so real) threat Qb5,
avoiding any kind of piece committment. On the other hand, he gives away a
tempo and weakens his queenside slightly.} ({The natural} 13... Qd7 $2 {
is flawed tactically:} 14. Nxe5 Nxe5 15. Qxd7 Nxd7 16. Bxd5) (13... Bd6 {
looks solid, but gives up the pressure along the d-file and exposes the bishop
a bit.} 14. Nd2 (14. Qb5 Ne7 15. Bc5 a6 16. Qa4) 14... Bxg2 15. Kxg2 Ne7 16.
Qb3 (16. Ne4 $5 $14) 16... b6 17. Bg5 c5 18. Ne4 Qd7 19. Bxe7 Bxe7 20. a4 Rab8
21. Qc4 Red8 22. Nc3 Qb7+ 23. Qe4 Rd4 24. Qxb7 Rxb7 25. b3 f5 26. f3 g6 $15 {
Vaganian,R (2595)-Gurevich,M (2630) Nabereznye Chelny 1988 (0-1, 52)}) ({
The more cautious} 13... Bf8 {gives up the possibility of ...Be7-f6, which
served Black well in the game.} 14. Rfd1 a6 (14... Qd7 15. Qb5 Rab8 $6 16. Bxa7
$1) 15. Rc3 {In the main game, the similar rook lift was met with ...Bf6,
threatening ...e4.} h6 (15... Bxf3 16. Bxf3 Nd4 17. Bxd4 exd4 18. Rc2 c6 19. b4
Re5) 16. Rdc1 Rc8 17. Bh3 Rb8 18. Bf5 g6 19. Be4 Bxe4 20. dxe4 $14 {Grischuk,A
(2780)-Mamedyarov,S (2761) Beijing 2013 (1-0, 61)}) 14. Rc3 $146 {[%emt 0:23:
34] Most probably an over-the-board novelty, since Karjakin spent 23 minutes
on it. In view of Black's answer, its merits are debatable, though.} (14. Rfd1
Rb8 {Another ultra-cautious move, which I cannot explain too well.} (14... Bf8
$5) (14... Qd6 $5) 15. h4 (15. Qc2 {releases the pressure too easily.} Bd6 16.
Nd2 Bxg2 17. Kxg2 Nd4 18. Bxd4 exd4 19. Ne4 c6 20. Qc4 Bf8 21. Re1 Qd7 22. b4
Re5 23. Rc2 Rbe8 $15 {Movsesian,S (2696)-Rublevsky,S (2695) Rhodes 2013 (1/2-1/
2, 58)}) 15... h6 16. d4 e4 17. Ne5 Qd6 (17... Bd6 $142) 18. Qc2 (18. Bh3 $36 {
[%cal Ge5d7,Gd7c5,Ge3f4]} Rbd8 $2 19. Bf4) 18... f5 19. b4 Qe6 20. Nxc6 Bxc6
21. Bf4 Rbc8 22. Bxc7 Rxc7 23. d5 Qf7 24. d6 Bxd6 25. Rxd6 f4 $132 {Bartel,M 
(2658)-Macieja,B (2617) Warsaw 2012 (1-0, 68)}) 14... Bf6 $1 {[%emt 0:04:29]
Immediately questioning the viability of the novelty.} (14... Bf8 15. Rfc1 Qd7
16. Bc5 $14) 15. Rc5 {[%emt 0:00:48][%cal Yc5d5]} Ne7 {[%emt 0:00:28] I could
not say if this solid, but slightly passive, move was dictated by the
underestimation of his own position, or the desire to keep playing rather than
forcing a draw, either by repetition, or general simplification.} (15... Be7
16. Rxd5 {If White does not wish to repeat moves, this is the only alternative.
} (16. Rc2 {[%csl Ga4]} e4 $1 $15 {[%cal Ga4g4]} 17. dxe4 $2 b5 $17) ({I am
slightly alarmed that my engine suggests} 16. Rcc1 {(??) which actually gives
away a tempo.}) 16... Qxd5 17. Nd4 Qa5 $1 {Both players may have considered
this impossible.} (17... Qd8 18. Nxc6 bxc6 19. Bxc6 $18) 18. Bxc6 {Under
different circumstances, this would win a piece, but the knight and the other
bishop are hanging.} Qxa4 19. Bxa4 exd4 20. Bxe8 dxe3 $11) 16. Rfc1 {[%emt 0:
04:45] Forcing a move which Black wanted to play anyway.} (16. Nd2 $5 Bxg2 17.
Kxg2 c6 18. Qg4 Nd5 19. h4 {might have lead to more interesting play.}) 16...
c6 {[%emt 0:03:23]} 17. Bg5 {[%emt 0:08:02]} Bxg5 {[%emt 0:19:30]} 18. Nxg5 {
[%emt 0:00:08]} Bxg2 {[%emt 0:00:50]} 19. Kxg2 {[%emt 0:00:03]} Nf5 {[%emt 0:
01:03]} 20. Qg4 {[%emt 0:06:59]} Nd6 {[%emt 0:03:32] The last exchanges have
taken the steam out of White's initiative. With the knight on d6, it will be
hard to carry out the queenside minority attack and otherwise it is not easy
to suggest a constructive plan for White.} 21. e3 {[%emt 0:10:15]} Qf6 {
[%emt 0:09:39]} 22. Ne4 {[%emt 0:15:54]} Nxe4 {[%emt 0:00:27]} 23. Qxe4 {
[%emt 0:00:05] The knights have disappeared, but the weakness of the d3-pawn
prevents White from attacking with his queenside pawns at his own leisure.}
Rad8 {[%emt 0:00:23]} 24. R1c3 {[%emt 0:00:36]} Re6 {[%emt 0:06:01]} 25. b4 {
[%emt 0:04:03]} g6 $1 {[%emt 0:02:34] Preparing an effective tactical trick.} (
25... Rd4 $2 26. exd4 exd4 {would be premature due to the unexpected} 27. Rxc6
$3 bxc6 28. Rxc6 $18 {based on the weakness of the eighth rank.}) 26. a4 $6 {
[%emt 0:06:01] Possibly overlooking Black's idea.} ({It would have made sense
to keep the b4-pawn defended with, say} 26. h4 {although this would already
mean giving up any hopes for displaying some activity.} Rd4 (26... h5) 27. Qf3)
26... Rd4 $1 {[%emt 0:05:46][%csl Gb4]} 27. exd4 {[%emt 0:00:10]} exd4 {
[%emt 0:00:05]} 28. Qxe6 $6 {[%emt 0:00:38] Underestimating the queen's
strength in the fight against two rooks.} (28. Qf3 Qxf3+ 29. Kxf3 dxc3 30. Rxc3
$11 {Black's advantage, based on the weakness of the d3-pawn, is purely
symblic.}) 28... Qxe6 {[%emt 0:02:04]} 29. R3c4 {[%emt 0:00:34]} Qd6 {[%emt 0:
04:38]} 30. a5 {[%emt 0:04:10] White's position looks rock solid, but contains
an important weakness: the d3-pawn.} h5 {[%emt 0:03:17]} 31. h4 {[%emt 0:00:07]
} Kg7 {[%emt 0:00:37]} 32. Kg1 {[%emt 0:01:25]} Kf8 {[%emt 0:04:04]} 33. Rc1 {
[%emt 0:03:22]} Qe6 {[%emt 0:01:10]} (33... g5 $5 {It would have made sense to
weaken the white king's position:} 34. hxg5 (34. Rxg5 Qxb4 35. Rxh5 Qd2 {
[%cal Gd2d3]}) 34... Qg6 35. Rd1 h4 36. gxh4 Qe6 37. Kf1 Qh3+ 38. Ke2 Qg4+ 39.
Ke1 Qxh4 40. Rd2 Qh1+ 41. Ke2 Kg7 $5 $15 {[%cal Gg7g6,Gg6h5,Gh5g4] Despite his
slight material advantge, White has problems of coordination.}) 34. R5c4 {
[%emt 0:00:06]} Qe5 {[%emt 0:02:00]} 35. Kf1 {[%emt 0:00:19]} Qd5 {[%emt 0:01:
17]} 36. Re1 {[%emt 0:00:48]} Qh1+ {[%emt 0:01:09]} (36... f5 $5 $15 {[%cal
Gf5f4]}) 37. Ke2 {[%emt 0:00:01]} Qd5 {[%emt 0:00:07]} 38. Kf1 {[%emt 0:01:12]}
Qh1+ {[%emt 0:00:27]} 39. Ke2 {[%emt 0:00:02]} Qd5 {[%emt 0:00:07]} 40. Kf1 {
[%emt 0:00:00]} 1/2-1/2

[Event "EU-chT (Men) 19th"]
[Site "Warsaw"]
[Date "2013.11.08"]
[Round "1.2"]
[White "Topalov, Veselin"]
[Black "Aronian, Levon"]
[Result "1/2-1/2"]
[WhiteElo "2774"]
[BlackElo "2801"]
[Annotator "Marin,M"]
[PlyCount "81"]
[EventDate "2013.11.08"]
[EventType "team-swiss"]
[EventRounds "9"]
[EventCountry "POL"]
[SourceTitle "CBM 158"]
[Source "ChessBase"]
[SourceDate "2014.01.16"]
[SourceVersion "1"]
[SourceVersionDate "2014.01.16"]
[SourceQuality "1"]
[WhiteTeam "Bulgaria"]
[BlackTeam "Armenia"]
[WhiteTeamCountry "BUL"]
[BlackTeamCountry "ARM"]

1. c4 Nf6 2. Nc3 e5 3. Nf3 Nc6 4. g3 d5 5. cxd5 Nxd5 6. Bg2 Nb6 7. a3 Be7 8. b4
Be6 9. O-O O-O 10. d3 Nd4 11. Be3 Nxf3+ 12. Bxf3 c6 13. Qc2 f5 14. Rab1 Nd5 15.
Bc5 Bxc5 16. bxc5 Nxc3 17. Qxc3 Qc7 18. Rb4 {White's position is flexible and
he seems to have promising pressure against the backward b7-pawn.} Rae8 19.
Rfb1 Bc8 {But now the illusion vanishes. The b7-pawn is easy to defend and
White has no pawn breaks at his disposal. At the same time, Black has the
whole right half of the board for manoeuvring and preparing his attack. The
element that allows White to avoid trouble is the communication between the
wings along the fourth rank.} 20. R1b2 ({Over the past few moves, White will
only move the pieces around without a clear plan. It migth have been more
useful to prepare for any possible simplification to an ending with} 20. Ra4 a6
21. Rab4 Qf7 22. e3 g5 23. a4 {followed by a4-a5.}) 20... Kh8 21. Qc1 Qf7 22.
e3 g5 23. Qc3 Qg7 24. Bg2 f4 ({Black could still prepare his attack with, say} 
24... Re7 $5 {since White cannot do much.}) 25. exf4 exf4 26. Qxg7+ Kxg7 27.
Be4 Re5 28. Rc2 f3 29. Kf1 Rd8 30. Bxf3 Rxd3 31. Bg4 a5 32. Ra4 Bxg4 33. Rxg4
Rxa3 34. Rb2 Kf6 35. Rxb7 Ra2 {Black even has some symbolic advantage now.} 36.
h4 gxh4 37. Rxh4 Rf5 38. Rf4 Rxf4 39. gxf4 Rc2 40. Rxh7 Rxc5 41. Ke2 1/2-1/2